000 00467nam a2200169 4500
001 138731
003 ES-MaACL
005 20240619063118.0
007 t|
008 070214s1962 sp r ||||1| spa d
100 1 _aSantos, Dámaso,
_d1918-2000
_9103466
245 1 0 _aGeneraciones juntas /
_cDámaso Santos.
260 _aMadrid :
_bBullón,
_c1962.
300 _a367 p. ;
_c19 cm.
852 _aES-MaACL
_jC-22621
_bR.51263
999 _c138731
_d138731